Datum a čas kvízu
33
Celkem bodů
Celkový počet nahraných bodů na tomto kvízu bez doplňovacích otázek.
1.
Pořadí na kvízu
Konečné umístění týmu na tomto kvízu.
Zaznamenané odpovědi
| # | Otázka | Odpověď | Body | Výsledky |
|---|---|---|---|---|
| 1. | Záplavu užaslých, pobouřených... | 1 | ||
| 2. | Evropský soud pro lidská práva... | 1 | ||
| 3. | V neděli vystoupila v pražském... | 0 | ||
| 4. | Kvůli podezření z neoprávněnéh... | 1 | ||
| 5. | Trojnásobný mistr světa v cykl... | 1 | ||
| 6. | Pro pražské soutěžící bude tot... | 1 | ||
| 7. | Ve které stanici se kříží link... | 1 | ||
| 8. | Jak se za socialismu jmenovala... | 1 | ||
| 9. | V čem drží prvenství stanice N... | 1 | ||
| 10. | Celkem kolikrát projíždí trasa... | 1 |